[Event "Alushta Summer 2nd"]
[Site "Alushta"]
[Date "2010.06.08"]
[Round "7"]
[White "Belikov, Vladimir"]
[Black "Kovalenko, Igor"]
[Result "1-0"]
[WhiteElo "2491"]
[BlackElo "2503"]
[Annotator "Schluricke,R"]
[PlyCount "83"]
[EventDate "2010.06.02"]
[EventType "tourn"]
[EventRounds "11"]
[EventCountry "UKR"]
[EventCategory "6"]
[SourceTitle "CBM 137 Extra"]
[Source "ChessBase"]
[SourceDate "2010.09.01"]
[SourceVersion "1"]
[SourceVersionDate "2010.09.01"]
[SourceQuality "1"]

1. e4 d5 2. exd5 Qxd5 3. Nc3 Qd6 4. d4 Nf6 5. Nf3 Bg4 6. h3 Bh5 7. g4 Bg6 8.
Ne5 Nbd7 9. Nb5 Qb6 10. Nc4 Qe6+ 11. Qe2 Qc6 12. Rg1 e6 13. Bd2 a6 14. Nc3
O-O-O 15. O-O-O Bb4 16. a3 Bxc3 17. Bxc3 Nd5 18. Be1 h5 19. Kb1 hxg4 20. hxg4
Rh2 21. Rc1 Nf4 22. Qe3 $13 Qe4 $4 {[%mdl 8192]} (22... Ng2 $142 $13 {Comp
Houdini1.5a}) (22... Nd5 $142 $13 {Comp Houdini1.5a}) 23. Qxe4 Bxe4 24. f3 Bxf3
25. Bg3 Ne2 26. Bxh2 Nxg1 27. Bxg1 Bxg4 28. Bg2 g5 29. Re1 f6 30. Ne3 Bh5 31.
d5 exd5 32. Nxd5 Bf7 33. Bh2 Rh8 34. Bg3 c6 35. Ne7+ Kd8 36. Nf5 Bg6 37. Nd6
Nc5 38. b4 Na4 39. Nxb7+ Kd7 40. Na5 Nc3+ 41. Kb2 Nd5 42. Nxc6 1-0

[Event "Canadian op"]
[Site "Edmonton"]
[Date "2009.07.13"]
[Round "3"]
[White "Adams, Michael"]
[Black "Pechenkin, Vladimir"]
[Result "1/2-1/2"]
[WhiteElo "2699"]
[BlackElo "2346"]
[Annotator "Shabalov,A"]
[PlyCount "178"]
[EventDate "2009.07.11"]
[EventType "swiss"]
[EventRounds "9"]
[EventCountry "CAN"]
[SourceTitle "CBM 132 Extra"]
[Source "ChessBase"]
[SourceDate "2009.11.03"]
[SourceVersion "1"]
[SourceVersionDate "2009.11.03"]
[SourceQuality "1"]

1. e4 d5 2. exd5 Nf6 3. Nf3 Nxd5 4. d4 g6 5. Bc4 Bg7 6. O-O O-O 7. Re1 Bg4 8.
c3 e6 9. h3 Bxf3 10. Qxf3 c6 {Black choses solid, but extremely passive setup.}
11. a4 a5 12. Na3 Nd7 13. Bd2 N5b6 14. Bb3 e5 15. Nc2 {At first i was not
impressed by this knight on c2 setup for white, but as long as black remains
passive the assesment of this position as favorable for white never changes.}
exd4 16. cxd4 Nf6 17. Bg5 Nbd5 18. Re5 Qb6 19. Rae1 h6 20. Bh4 (20. Bd2 {
followed by a build-up on the kingside seems much stronger.}) 20... Nh7 21.
R5e2 Ng5 22. Qg3 $2 {This lazy move from Mike which costs him half a point in
this game. It would be extremely unpleasant to defend the position after} (22.
Bxg5 hxg5 23. Bxd5 cxd5 24. Ne3 Qxd4 25. Nxd5 {against him}) 22... Nf4 23. Re7
Nd5 24. Bxg5 hxg5 25. R7e4 Rad8 26. Kh1 Nf6 (26... Nf4 {followed by c5 looks
pretty nasty.}) 27. R4e3 Nd5 28. Rf3 $6 {Sign of frustration.} (28. Re4 $11)
28... Bxd4 29. Qxg5 Bxb2 30. h4 Rd6 $1 {"Karpovian" regroup.} 31. h5 Qd8 32.
Qg3 Kg7 $2 {Allows white to escape. Black was close to winning after} (32...
Bg7 $17) 33. Kg1 Rf6 34. Bxd5 Qxd5 35. Rb3 Bd4 36. Nxd4 Qxd4 37. Rxb7 Qxa4 38.
hxg6 Rxg6 39. Qe5+ Kg8 40. g3 Re6 41. Qg5+ Rg6 42. Qd2 {# This endgame is
exactly what it looks like: White is down the pawn. For almost 50 following
moves Mike continues to demonstrate "who's the boss here". Unfortunately for
him it is only possible to win this position for White if Black wants to win
too. Pretty soon it becomes evident that this is not the case.} Qa3 43. Re4 Qc5
44. Qf4 Qg5 45. Ra7 Qxf4 46. Rxf4 Kg7 47. Rxa5 Rd8 48. Raf5 Rd7 49. Kg2 Rgd6
50. Rc5 Re6 51. g4 Kg6 52. Rfc4 Rdd6 53. Kg3 f6 54. Rc3 Re1 55. f3 Ree6 56. f4
Kh6 57. Kf3 Kg7 58. f5 Re1 59. Rxc6 Rxc6 60. Rxc6 {Michael was able to go from
down the pawn to up a pawn rook ending,but Vladimir very convincingly holds
"the rook on a long side"} Rf1+ 61. Kg2 Ra1 62. Re6 Rb1 63. Kf2 Ra1 64. Rd6 Rb1
65. Kf3 Rf1+ 66. Ke4 Rg1 67. Rd7+ Kh6 68. Kf3 Rf1+ 69. Kg2 Ra1 70. Kg3 Rg1+ 71.
Kf4 Rf1+ 72. Ke3 Re1+ 73. Kf3 Rf1+ 74. Ke4 Rg1 75. Kd5 Rxg4 76. Ke6 Ra4 77.
Kxf6 Ra6+ 78. Ke5 Ra5+ 79. Rd5 Ra7 80. Ke6 Kg7 81. Rd6 Rf7 82. Rd1 Rf6+ 83. Ke5
Ra6 84. Rd7+ Kf8 85. Rd6 Rxd6 86. Kxd6 Kf7 87. Ke5 Ke7 88. f6+ Kf7 89. Kf5 Kf8
1/2-1/2

[Event "Tilburg Fontys"]
[Site "Tilburg"]
[Date "1996.10.17"]
[Round "6"]
[White "Svidler, Peter"]
[Black "Shirov, Alexei"]
[Result "0-1"]
[WhiteElo "2650"]
[BlackElo "2685"]
[Annotator "Shirov,A"]
[PlyCount "118"]
[EventDate "1996.10.11"]
[EventType "tourn"]
[EventRounds "11"]
[EventCountry "NED"]
[EventCategory "16"]
[SourceTitle "CBM 056"]
[Source "ChessBase"]
[SourceDate "1997.02.01"]
[SourceVersion "1"]
[SourceVersionDate "1997.02.01"]
[SourceQuality "1"]

1. e4 d5 2. exd5 Nf6 3. d4 Bg4 $5 {A very provocative opening which probably
has every reason to be called 'Portuguese variation' because a large
percentage of the games on it found in the database have been played by
Portuguese players. I was suggested this setup by Kevin Spraggett who has
lived in Portugal for many years and has picked up many ideas of his local
colleagues. He has employed it as well.} 4. Be2 {One of the funniest
variations I've ever seen is} (4. f3 Bf5 5. c4 e6 6. dxe6 Nc6 $1 {which has
occured in several games. Other critical moves are}) (4. Bb5+ {and}) (4. Nf3 {.
}) 4... Bxe2 5. Qxe2 Qxd5 6. Nf3 Nc6 7. Nc3 {A new move. 'Theory' (in fact the
whole system is still completely desert) is} (7. c4) 7... Qh5 8. Bg5 $6 {
During the game I couldn't understand whether this was a blunder or a
sacrifise. Normally in such a case it depends on the final result. Yet White
gets some initiative for a pawn but it seems not at all sufficient. Instead
White had an interesting opportunity} (8. Qb5 $5 {which I was slightly afraid
of. After} O-O-O (8... Qxb5 9. Nxb5 O-O-O 10. Ng5 $1 a6 11. Nxf7 axb5 12. Nxh8
Nxd4 13. O-O Nxc2 14. Rb1 $16) 9. Qxh5 Nxh5 10. Ng5 Nxd4 11. O-O Nxc2 12. Rb1 {
White seems to have a good compensation for sacrifised pawns. And, of course,
he could have chosen simple development like}) (8. Be3 {or}) (8. Bf4 {with
equal game.}) 8... Nxd4 9. Nxd4 Qxg5 10. h4 $1 {This I to be honest overlooked
counting only on} (10. Ncb5 Qc5 11. O-O-O a6 {which is very sad story for
White.}) 10... Qh5 $1 {Gaining an important tempo.} 11. f3 (11. Qxh5 Nxh5 12.
Ncb5 Rc8 $1 {is winning for Black due to} 13. Nxa7 $6 Rd8 $1 14. Nb3 c6 $19)
11... O-O-O 12. O-O-O e6 13. g4 Qa5 $1 {I think this is more precise than} (
13... Qc5 $6 14. Nb3 Qb6 15. Rxd8+ Kxd8 16. Rd1+ Bd6 17. g5 Nd7 18. Ne4 $15)
14. Nb3 {Going for an inferior ending. I was more concerned about} (14. g5 {
and actually my intention} Nd7 $1 (14... Nd5 $6 {proves to be incorrect
because of} 15. Nxe6 Ba3 $5 (15... Bb4 $5 {that I thought would be winning,
thanks to Fritz, leads just to an equal ending after} 16. Nxd8 $1 Nxc3 17. Qc4
$1 Nxa2+ 18. Kb1 Nc3+ 19. bxc3 Bxc3 20. Qa2 Rxd8 21. Rxd8+ Kxd8 22. Rd1+ Ke7
23. Qxa5 Bxa5 $10) 16. Nxd8 Bxb2+ (16... Qxc3 $2 {fails to} 17. Qb5 Rxd8 18.
Rd3 Qc5 19. Qxc5 Bxc5 20. Rhd1 c6 21. c4 Be3+ 22. Kb1 $18) 17. Kxb2 Qxc3+ 18.
Kb1 {and Black can not make more than draw. However a simple retreat}) 15. Nb3
Qb6 {leaves White with no compensation for pawn.}) 14... Rxd1+ 15. Rxd1 Qa6 $1
{Now} (15... Qb6 16. g5 {would yield White a certain play after} Nh5 (16... Nd7
17. Qd2 Bd6 18. Ne4 $44) 17. Nd2 $1 $44) 16. Qxa6 bxa6 17. Rd4 Nd7 $1 {Not an
easy move. Black is ready to give up his 'a' pawns since White's ones on the
kingside are vulnerable as well.} 18. Ra4 Ne5 19. Nd2 (19. Rxa6 Kb7 20. Ra4
Nxf3 21. Na5+ Kc8 {isn't of much chance for White}) 19... Kb7 $17 20. Kd1 Be7
21. h5 $6 {Playing on Black's hands.} (21. Re4 Nc6 22. g5 $17 {would be
slightly more tenacious.}) 21... g6 22. Re4 Nc6 23. hxg6 hxg6 24. f4 Rh1+ $2 {
Having reached a winning position I started doing ridiculous things. I rejected
} (24... Rh4 {in view of} 25. f5 (25. g5 Bd6 $19 {, but the endgame resulting
after}) 25... Rh1+ 26. Re1 Rxe1+ 27. Kxe1 gxf5 (27... Ne5 $5 $19 {is also
possible}) 28. gxf5 exf5 {should be hopeless for White.}) 25. Ke2 f5 $6 {
Activating Black's and White's pieces at the same time.} 26. gxf5 gxf5 27. Rc4
Rh2+ 28. Kd1 e5 $2 {Almost losing the advantage.} (28... Bd6 $17 {was called
for.}) 29. Nd5 Rh1+ 30. Ke2 Bh4 $6 {Still} (30... Bd6 {should have been
preferred although after} 31. fxe5 Nxe5 (31... Bxe5 32. Nb3 $132) 32. Rf4 c6
33. Ne3 Rh2+ 34. Rf2 Rxf2+ 35. Kxf2 {it's already very difficult to win as one
extra pawn is not so sound anymore.}) 31. Nb3 $1 {Here I realised how wrong I
had gone. Still there was a last chance - his time-pressure and I decided to
try to use it by playing} Bg3 $5 {. At least Black is not risking to lose yet.}
32. Nc5+ Kc8 33. Nb3 $6 {The following day Peter stated that the simpliest way
to draw would be} (33. Nd3 Kd7 34. Nf6+ Kd6 35. Ne8+ Kd7 36. Nf6+ $10) 33...
Rh2+ 34. Kd1 $6 {Falling into a trap although not losing the game so far.} (34.
Kf3 exf4 35. Nxf4 Bxf4 36. Rxc6 Bd6 {would leave Black with a small advantage
hardly enough to win.}) 34... exf4 $3 {Quite an untipical for an endgame piece
sacrifise. Its main background is still opponent's clock although during the
game I thought that Black is already almost winning.} 35. Rxc6 (35. Nxf4 Ne5
$19) 35... f3 36. Rf6 $2 {Giving up the rook is no way to save the game.
Meanwhile} (36. c4 $1 {was probably enough for a draw. Black has then a choice
between} Bd6 $3 {I don't know whether I would find this move over the board
but it is the only way to pose White serious practical difficulties. Now} (
36... Rh1+ 37. Kc2 f2 38. Nd2 Bd6 39. Ne3 Re1 40. Rxd6 cxd6 41. Nxf5 $10) (
36... Rxb2 37. Rf6 Rb1+ {(during the game I missed that} (37... f2 $4 38. Rxf5
Rb1+ {is met by} 39. Nc1) 38. Kc2 (38. Nc1 $2 Bf4 39. Nxf4 Rxc1+ 40. Kxc1 f2
$19) 38... f2 39. Nd2 f1=Q 40. Nxf1 Rxf1 41. Rxf5 $10) 37. Nd2 (37. c5 {
leads to a probably lost ending after} Rh1+ 38. Kc2 f2 39. Nd2 Kb7 40. cxd6 (
40. Rxd6 cxd6 41. cxd6 Rh6 $1 $19) 40... Kxc6 41. dxc7 Kd7 42. Ne3 Re1 43. Nxf5
f1=Q 44. Nxf1 Rxf1 {. Also risky is}) (37. Rxa6 Rh1+ 38. Kc2 f2 39. Nd2 Re1 $1
40. Kd3 f4 $1 41. Nc3 Be5 $1 42. c5 Bxc3 43. Kxc3 Rc1+ 44. Kb3 Rd1 45. Rf6 Rxd2
46. Rxf4 $15 {although I am not sure whether Black can win this. The right way
for White is probably}) 37... Kb7 (37... Rh1+ 38. Kc2 f2 39. Ne3 Re1 40. Rxd6
cxd6 41. Nxf5 Kd7 42. Ng3 $10) 38. Rxd6 cxd6 39. Nxf3 Rxb2 {and although Black
will keep on fighting till the end, it's gonna be draw.}) 36... Rh1+ 37. Kd2 f2
38. Rf8+ Kd7 39. Rxf5 f1=Q 40. Rxf1 Rxf1 41. Nb4 Bd6 $1 $17 {A very important
move after which White has to turn into a passive defence.} 42. Nd3 (42. Nxa6
$6 Kc6 {is lost because the knight will not come back, for example} 43. Nb8+
Kd5 $19 {. However after the text Black's task is not at all easy. The ending
is unusual and on the board I couldn't decide whether it was good or bad for
me to change the bishop for one of his knights and where I should keep my
pawns. I am not sure that my further play was entirely correct. In fact I was
kind of moving back and forth searching for the right plan until something
became clear.}) 42... Rf5 43. Kc3 Rh5 44. Nd2 Kc6 45. Nc4 Rh4 46. Kb3 Kb5 47.
Ne3 {Is the position after} (47. Nxd6+ cxd6 {winning? I am not completely sure
about that.}) 47... Re4 48. Nd5 Rd4 49. Nc3+ Kc6 50. Na4 Kd5 51. Nc3+ Ke6 52.
Nd1 c5 $1 53. Ne3 Re4 54. Nc4 Be7 $1 {It took me some time to realise that} (
54... Kd5 $2 55. Nxd6 Kxd6 56. c4 $1 {might be just draw because Black's king
or rook will be stuck defending the c5 pawn and it will be very difficult to
make progress. Fortunately at this point I already saw the right setup.}) 55.
Nf2 Rh4 56. Nd3 Bg5 $1 $19 {Die pointe. White has to resign the fortress he's
built.} 57. Kc3 {I had to see that} (57. Nxc5+ Kd5 58. Nxa6 Rxc4 59. Nb4+ Kc5
60. Na6+ Kb5 61. a4+ Rxa4 62. Nc7+ Ka5 {is winning}) 57... Kd5 58. b3 Rh2 {
A move without a clear idea that suddenly wins the game immediately.} 59. b4 $2
{Of course, he should play something like} (59. Ne1 {. The best winning plan
seems to me then} Rh3+ 60. Nd3 Bf6+ 61. Kd2 Rh2+ 62. Kd1 Bg5 {intending to
penetrate with the king to c3.}) 59... Rh4 {White's defence collapses and
therefore he resigned.} 0-1

[Event "Marshall CC int prel"]
[Site "New York"]
[Date "1995.08.25"]
[Round "5"]
[White "Shliperman, Igor"]
[Black "Alexopoulos, Georgios"]
[Result "1/2-1/2"]
[WhiteElo "2350"]
[BlackElo "2335"]
[Annotator "Shliperman,I"]
[PlyCount "171"]
[EventDate "1995.08.??"]
[EventType "tourn"]
[EventRounds "5"]
[EventCountry "USA"]
[SourceTitle "EXT 2002"]
[Source "ChessBase"]
[SourceDate "2001.11.25"]
[SourceVersion "1"]
[SourceVersionDate "2001.11.25"]
[SourceQuality "1"]

1. e4 d5 2. exd5 Qxd5 3. Nc3 Qa5 4. d4 Nf6 5. Nf3 c6 6. Ne5 Bf5 7. g4 Be6 8.
Rg1 Nbd7 9. Nxd7 Nxd7 10. a3 h5 11. g5 {? Shliperman} g6 12. Bd3 Bg7 13. Bd2
Qc7 14. Ne2 Bg4 15. Rg3 Bxe2 16. Qxe2 Bxd4 17. O-O-O Qe5 18. Qxe5 Bxe5 19. f4
Bc7 20. Rh3 O-O-O 21. f5 Ne5 22. Be4 gxf5 23. Bxf5+ e6 24. Be4 Nc4 25. Rf3 Nxd2
26. Rxd2 Rxd2 27. Kxd2 f5 28. gxf6 Bxh2 29. f7 Bd6 30. Bg6 h4 31. Rh3 Kd7 32.
Rd3 Ke7 33. Be4 h3 34. Bh1 h2 35. Ke2 Rf8 36. Rf3 Rxf7 37. Rxf7+ Kxf7 38. Kf3
Kf6 39. a4 Kf5 40. Ke3 a5 41. b3 Bf4+ 42. Ke2 Ke5 43. Kd3 Bg5 44. c3 Kf4 45. c4
Kg3 46. Ke2 Be7 47. Be4 Bc5 48. Bh1 e5 49. Be4 Bb6 50. Bh1 Ba7 51. Be4 Kf4 52.
Kd3 Bc5 53. Bh1 Bb6 54. Be4 Kg5 55. Bh1 Kf5 56. Be4+ Ke6 57. Bh1 Kd6 58. Be4
Bd4 59. Bh1 Kc5 60. Bg2 Kb4 61. Kc2 Be3 62. Bh1 Bf4 63. Bg2 Bg3 64. Bh1 Kc5 65.
Kd3 Kb4 66. Kc2 Kc5 67. Kd3 b5 68. axb5 cxb5 69. cxb5 Kxb5 70. Kd2 Kb4 71. Kc2
Bf4 (71... Be1 72. Bg2 Bc3 73. Bh1 a4 74. bxa4 Kc4 75. Bg2 Kd4 76. Bh1 Bb4 77.
Bg2 Ke3 78. Kd1 Kf2 79. Be4 Kg1 80. Ke2 h1=Q 81. Bxh1 Kxh1 82. Kf3 Bc3 83. Ke4
Bd4 84. a5 {= Shliperman}) 72. Bg2 Kc5 73. Kd3 Kb4 74. Kc2 a4 75. bxa4 Kxa4 76.
Kd3 Kb3 77. Ke2 Kc4 78. Bh1 Kd4 79. Bg2 Be3 80. Bh1 Bg1 81. Bg2 e4 82. Bh1 Ke5
83. Bg2 Kf4 84. Kf1 Bc5 85. Bxe4 Kxe4 86. Kg2 1/2-1/2

[Event "Olympiad-37"]
[Site "Turin"]
[Date "2006.05.27"]
[Round "6"]
[White "Svidler, Peter"]
[Black "Tiviakov, Sergei"]
[Result "1/2-1/2"]
[WhiteElo "2743"]
[BlackElo "2669"]
[Annotator "Tiviakov,S"]
[PlyCount "54"]
[EventDate "2006.05.21"]
[EventType "team-swiss"]
[EventRounds "13"]
[EventCountry "ITA"]
[SourceTitle "CBM 113"]
[Source "ChessBase"]
[SourceDate "2006.07.31"]
[SourceVersion "1"]
[SourceVersionDate "2006.07.31"]
[SourceQuality "1"]
[WhiteTeam "Russia"]
[BlackTeam "Netherlands"]
[WhiteTeamCountry "RUS"]
[BlackTeamCountry "NED"]

{[This game took place in the central match of the 6th round. It was quite
important for the 1st sensaion of the Olympiad in Turin. Our Dutch tem
defeated Russia. And my solid play in this game helped that, it is always not
an easy task to hold with Black against the player of a class of Svidler.]} 1.
e4 d5 {[Peter always plays 1.e4 and I recently started playing the
Scandinavian Defence, choosing it instead of the Dragon and Maroczy. The
Scandinavian Defence is much more soild and safe than the Dragon. At least I
don't have a risk to lose by force here. Despite the dubious reputation it is
not easy for White to get even a small advantage. I played lot of games with
the Scandinavian on the highest possible level and with success. For example,
drew Anand, Svidler, Grischuk, Korneev, Cheparinov, won against Kamsky, not
mentioning much weaker players.]} 2. exd5 Qxd5 3. Nc3 Qd6 4. d4 Nf6 5. Nf3 a6 (
5... c6 {is another move I play regularly. I played it against Anand, Grischuk.
There is nothing wrong with it, but having played already 1 game at the
Olympiad before (against Enmaul Hossain), I decided to go for 5...c6.}) 6. g3 {
[Peter chooses the most principal continuation. Other moves pose less threats
for Black.]} Bg4 7. Bg2 c6 (7... Nc6 {is the main continuation here with lot
of theory and sharp lines, but it was not the point of the present game to
play sharp. I decided to choose the safer and much more rearer 7...c6}) 8. Bf4
$1 $146 {This move is new, but it is clearly stronger than 8.0-0. If White
castles king's side, he has no chances for an opening advantage whatsoever.
The following games demonstrate some plans and the ideas...} (8. O-O e6 9. Re1
(9. Bf4 Qd8 10. Qd3 Bd6 11. Ne5 Bf5 12. Qe2 O-O 13. h3 h6 14. Rad1 Qe7 15. a3
Nbd7 16. Rfe1 Rfd8 17. Kh2 Rac8 18. Nxd7 Rxd7 19. Bxd6 Rxd6 20. Ne4 Bxe4 21.
Bxe4 Rcd8 22. c3 Nxe4 23. Qxe4 Qc7 24. Qe2 c5 25. dxc5 Qxc5 {1/2-1/2 Cristian,
S-Rentner,D/playchess.com 2004/EXT 2005 (94)}) (9. a4 a5 10. h3 Bxf3 11. Qxf3
Be7 12. Bf4 Qd8 13. Rad1 O-O 14. Ne4 Nxe4 15. Qxe4 Nd7 16. c4 Re8 17. Qc2 Rc8
18. h4 Qb6 19. Rd3 Bf6 20. Rfd1 e5 21. Bh3 $16 {1-0 Shabalov,A-Gonzalez,R/
Philadelphia 2004/CBM 101 ext (30)}) 9... Be7 10. h3 Bxf3 11. Bxf3 O-O 12. Ne4
Nxe4 13. Bxe4 Bf6 14. c3 Qc7 15. Bf4 Qb6 16. Qc2 g6 17. h4 Nd7 18. h5 Bg7 19.
Kg2 Rfe8 20. hxg6 hxg6 21. Rad1 Rac8 22. Rh1 Nf6 23. Bd3 c5 24. Be5 Qc6+ 25. f3
Ng4 26. Qe2 cxd4 27. Bxg7 Kxg7 28. cxd4 Nf6 29. Qe5 Rh8 30. Be4 Qb6 31. g4 Rxh1
32. Rxh1 Qc7 33. Qg5 Nxe4 34. Qh6+ Kf6 35. fxe4 Qc2+ 36. Kf3 Qxb2 37. Qh4+ g5
38. Qh6+ Ke7 39. Qxg5+ Kd7 40. Qg7 Rc3+ 41. Kf4 Qd2+ 42. Ke5 Rf3 43. Qh6 Qa5+ {
0-1 Dworakowska,J-Ogloblin,N/Moscow 2004/EXT 2005 (43)}) 8... Qd8 9. h3 {
White has no other useful moves and has to force the exchange on f3
immediately.} Bxf3 10. Qxf3 e6 11. O-O-O Be7 {[Here White has a development,
space advantage and moreover the pair of bishops. Despite all that it is not
easy for White to get something special from that. Meanwhile Black play is
easy, he is going to finish the development by Nbd7, Nd5 and then start
advancing the pawns on the queen's side - b7-b5 etc with enough counter-play.
In his turn White has to advance the king's side pawn trying to create the
attack on the Black king.]} 12. g4 Nbd7 13. Kb1 Nd5 14. Nxd5 $6 {[After the
game Peter was unhappy with this move. He felt he should have played} (14. Bc1
$5 {but after} b5 $132 {, followed by the advance of the other queen's side
pawns, Black creates enough counter-play. Position remains very complex, with
chances for both sides.}) 14... cxd5 15. c4 Nb6 {[Later Peter told me he
missed that move. But is it the only Black move in the position, he
consolidates his center, transferring the knight to c6, where he will attack
the pawn d4.]} 16. c5 Nc4 17. Bf1 Na5 {[If Black plays Nc6, puts the bishop on
the diagonal a1-h8 and aftewards opens the b line, White can come in trouble.
He has to prevent the development of the black bishop on the diagonal a1-h8.]}
18. Qg3 {[Unfortunately for Black, White can prevent the realisation of the
previously mentioned plan. He is threatening to play g4-g5 and then start
advancing the h pawn. Besides he is also threatening to win the knight by
Bf4-c7.]} Bh4 {[It took a lot of time to make this move. At first I was going
to play 18...Nc6 or 18...Rc8 or even 18...Qd7 (with an idea Rc8, Bd8-c7). But
then decided to disturb White plan and prevent the advance of the white pawns
on the king's side.]} 19. Qe3 h6 20. Be5 {[White is playing safe, deciding to
exchange the bishops.]} (20. Bh2 $5 {, followed by f4-f5, was too risky. And
according to Peter White has more chances to lose than to win.}) 20... Bf6 21.
Bxf6 Qxf6 22. f4 Nc6 23. g5 Qe7 24. h4 g6 {[Black is not in a hurry to
determine the position of the king and tries to refrain from castling as long
as possible. One of the great advantages of the Scandinavian is that there is
not much theory here, there is much space for creativity.]} 25. Rh3 ({After} 
25. gxh6 O-O-O {Black will soon win the h6 pawn back, leaving White with too
many weaknesses in his camp.}) 25... O-O-O (25... h5 $5 {followed by 0-0, was
possible}) 26. Be2 hxg5 27. fxg5 ({After} 27. hxg5 Qc7 {, followed by Ne7-f5,
it is only White who can come in trouble}) 27... e5 {[After the exchanges of
the queens the draw is the most likely result. I decided to call it a day and
offered a draw.]} 1/2-1/2